Časopisecký katalog ČSR

Bibliographic Details
Format: Book
Language:Czech
German
PhysicalDescription:166 s. 8°
Published: Praha Rudolf Mosse 1935
Subjects:

MARC

LEADER 00000cam a2200000 a 4500
001 vtls001349184
003 SK-MaSNL
005 20260311125917.0
008 200115s1935 xr b 00100 cze
035 |a SNK000302482 
035 |a urn:nbn:sk:snk-am3hnoz 
035 |a 50D366FC-64DD-4FBE-8F5C-B0529D81FB6C 
035 |a urn:nbn:sk:snk-am00cw06 
040 |a SNK  |b slo  |c SNK  |e AACR2 
041 0 |a cze  |a ger 
043 |a e-cs--- 
044 |a xr  |c CZ 
072 7 |a 01  |x Bibliografia. Katalógy  |2 konspekt 
080 |a 050  |2 2001 
080 |a 01  |2 2001 
245 0 0 |a Časopisecký katalog ČSR 
260 |a Praha Rudolf Mosse  |c 1935 
300 |a 166 s.  |c 8° 
650 0 7 |a časopisy  |2 SNKPH  |9 1421 
651 7 |a Československo  |2 SNKPHgeo  |9 21376 
655 7 |a bibliografie  |2 SNKPH  |9 28668 
958 |a ONDV 
999 |c 719724  |d 721654 
952 |t P60, <03>, [BOOK], {603}  |a SNK  |b SNK  |y PREZ  |7 0  |p 17A0170379  |o snkSB 552  |0 0  |1 0  |4 0  |d 1998-11-20  |f 1  |l 0  |r 2025-02-07 00:00:00  |w 2026-02-23